000 00378nam a2200157Ia 4500
008 221030s9999 xx 000 0 und d
020 _a8187522682
041 _aEnglish
082 _a105.23
_bBan
100 _aR. Bangia
245 0 _aLearning MS Office 2000
_cby R. Bangia
260 _bKhanna Pub.
_aNew Delhi
_c2000
300 _a224
650 _aBE Computer
942 _cBK
999 _c2127
_d2127